Uživatelé účetních informací a jejich informační potřeby. 2.
Popis účtovných výkazov. Charakteristika krátkodobých a dlhodobých veriteľov podniku. Vedenie podniku ako hlavný užívateľ účtovných informácií. Ďalšie kategórie používateľov - zákazníci, zamestnanci podniku a ich orgány, vlády a ich orgány. Účtovanie dane zo zisku. Informačné požiadavky konkurenčnýc...
Salvato in:
| Autore principale: | |
|---|---|
| Natura: | Capitolo di libro |
| Lingua: | ceco |
| Soggetti: | |
| Tags: |
Nessun Tag, puoi essere il primo ad aggiungerne!!
|
MARC
| LEADER | 00000naa a2200000 4500 | ||
|---|---|---|---|
| 001 | r006248 | ||
| 005 | 20221125081514.0 | ||
| 041 | 0 | |a cze | |
| 044 | |a [CS] | ||
| 245 | 1 | 0 | |a Uživatelé účetních informací a jejich informační potřeby. 2. |c B. Fireš |
| 520 | |a Popis účtovných výkazov. Charakteristika krátkodobých a dlhodobých veriteľov podniku. Vedenie podniku ako hlavný užívateľ účtovných informácií. Ďalšie kategórie používateľov - zákazníci, zamestnanci podniku a ich orgány, vlády a ich orgány. Účtovanie dane zo zisku. Informačné požiadavky konkurenčných podnikov. | ||
| 610 | 2 | 0 | |a výkazy účtovné |
| 610 | 2 | 0 | |a informácie |
| 610 | 2 | 0 | |a používatelia |
| 610 | 2 | 0 | |a vedenie |
| 610 | 2 | 0 | |a dane zo zisku |
| 610 | 2 | 0 | |a zabezpečenie informačné |
| 610 | 2 | 0 | |a konkurencia |
| 100 | 1 | |a Fireš, B. | |